REVIEW OF FORENSIC MEDICINE AND TOXICOLOGY (Record no. 14708)

MARC details
000 -LEADER
fixed length control field 00369nam a22001577a 4500
003 - CONTROL NUMBER IDENTIFIER
control field SGT
020 ## - INTERNATIONAL STANDARD BOOK NUMBER
International Standard Book Number 978-93-5152-864-7
082 ## - DEWEY DECIMAL CLASSIFICATION NUMBER
Classification number 614.1
Item number R15B
100 ## - MAIN ENTRY--PERSONAL NAME
Personal name BISWAS, GAUTAM
245 ## - TITLE STATEMENT
Title REVIEW OF FORENSIC MEDICINE AND TOXICOLOGY
250 ## - EDITION STATEMENT
Edition statement 3RD
260 ## - PUBLICATION, DISTRIBUTION, ETC. (IMPRINT)
Place of publication, distribution, etc NEW DELHI
Name of publisher, distributor, etc THE HEALTH SCIENCE
Year of Publication 2015
300 ## - PAGE DESCRIPTION
No. of Pages 657
650 ## - SUBJECT ADDED ENTRY--TOPICAL TERM
Topical term or geographic name as entry element AYURVEDA
942 ## - ADDED ENTRY ELEMENTS (KOHA)
Source of classification or shelving scheme Dewey Decimal Classification
Koha item type Books
942 ## - ADDED ENTRY ELEMENTS (KOHA)
-- 171
Holdings
Withdrawn status Lost status Source of classification or shelving scheme Damaged status Not for loan Collection code Home library Current library Shelving location Date acquired Vendor Name Cost, normal purchase price SGTU Bill Number Total Checkouts Full call number Accession No. (Barcode) Date last seen Date last borrowed Bill Date Koha item type Total Renewals
    Dewey Decimal Classification     AYURVEDA SGT FA-FP Library SGT FA-FP Library Text Book 24/01/2018 AHUJA PUB 650.00 SGTU 9136 24 614.1 R15B FA7812 01/12/2025 01/12/2025 04/01/2018 Books  
    Dewey Decimal Classification     AYURVEDA SGT FA-FP Library SGT FA-FP Library Text Book 24/01/2018 AHUJA PUB 650.00 SGTU 9136 25 614.1 R15B FA7813 17/02/2025 29/01/2025 04/01/2018 Books  
    Dewey Decimal Classification     AYURVEDA SGT FA-FP Library SGT FA-FP Library Text Book 24/01/2018 AHUJA PUB 650.00 SGTU 9136 31 614.1 R15B FA7814 09/01/2026 07/01/2026 04/01/2018 Books  
    Dewey Decimal Classification     AYURVEDA SGT FA-FP Library SGT FA-FP Library Text Book 24/01/2018 AHUJA PUB 650.00 SGTU 9136   614.1 R15B FA7815 24/01/2018   04/01/2018 Books  
    Dewey Decimal Classification     AYURVEDA SGT FA-FP Library SGT FA-FP Library Text Book 24/01/2018 AHUJA PUB 650.00 SGTU 9136 35 614.1 R15B FA7816 27/07/2024 27/07/2024 04/01/2018 Books  
    Dewey Decimal Classification     AYURVEDA SGT FA-FP Library SGT FA-FP Library Text Book 24/01/2018 AHUJA PUB 650.00 SGTU 9136 29 614.1 R15B FA7817 24/09/2025 24/09/2025 04/01/2018 Books 1
    Dewey Decimal Classification     AYURVEDA SGT FA-FP Library SGT FA-FP Library Text Book 24/01/2018 AHUJA PUB 650.00 SGTU 9136 46 614.1 R15B FA7818 10/12/2024 10/12/2024 04/01/2018 Books  
    Dewey Decimal Classification     AYURVEDA SGT FA-FP Library SGT FA-FP Library Text Book 24/01/2018 AHUJA PUB 650.00 SGTU 9136 41 614.1 R15B FA7819 10/06/2025 10/06/2025 04/01/2018 Books  
    Dewey Decimal Classification     AYURVEDA SGT FA-FP Library SGT FA-FP Library Text Book 24/01/2018 AHUJA PUB 650.00 SGTU 9136 30 614.1 R15B FA7820 31/01/2025 20/01/2025 04/01/2018 Books 1
    Dewey Decimal Classification     AYURVEDA SGT FA-FP Library SGT FA-FP Library Text Book 24/01/2018 AHUJA PUB 650.00 SGTU 9136 36 614.1 R15B FA7821 21/04/2025 15/04/2025 04/01/2018 Books